000 00515nam a2200193Ia 4500
003 OSt
005 20240611155858.0
008 210210b1985 xxu||||| |||| 00| 0 eng d
040 _cAL
041 _aKannada
082 _aK894.8 ECHA
100 _aECHCHESKE.
_dಎಚ್‌ಎಸ್‌ಕೆ
_9170132
245 _aAvalokana.
_b ಅವಲೋಕನ.
260 _aBengaluru
_bVishva Kannada Sammelana
_c1985
300 _aviii,414
690 _aKannada Miscellaneous
_9170133
906 _a040067
942 _2ddc
_cBK
999 _c89939
_d89939